[Event "71st ch-RUS HL 2018"]
[Site "Yaroslavl RUS"]
[Date "2018.06.28"]
[Round "3.22"]
[White "Sek, Konstantin"]
[Black "Antipov, Mikhail Al."]
[Result "0-1"]
[BlackTitle "GM"]
[WhiteElo "2476"]
[BlackElo "2616"]
[WhiteFideId "24104302"]
[BlackFideId "4107012"]
[EventDate "2018.06.26"]

1. e4 c5 2. Nf3 d6 3. d4 cxd4 4. Nxd4 Nf6 5. Nc3 a6 6. f4 e6 7. Be3 b5 8. a3 Bb7
9. Qf3 Nbd7 10. Bd3 h5 11. O-O-O Rc8 12. Rhe1 Rxc3 13. bxc3 Nc5 14. Nb3 Na4 15.
Nc5 dxc5 16. Bxb5+ axb5 17. Rxd8+ Kxd8 18. f5 e5 19. c4 Kc8 20. cxb5 Nxe4 21. f6
c4 22. Qf5+ Kb8 23. Kb1 gxf6 24. Qd7 Bxa3 25. Bc1 Bb4 26. Re3 Bc5 27. b6 Nxb6
28. Qxf7 Nd5 29. Rh3 Rd8 30. c3 Bc6 31. Bb2 Ng5 32. Qxh5 Nf4 33. Qh6 Ngxh3 34.
Qxf6 Kc7 35. Qxe5+ Kb6 36. gxh3 Nd3 37. Qe6 Kb5 38. Qg4 Rf8 0-1

[Event "71st ch-RUS HL 2018"]
[Site "Yaroslavl RUS"]
[Date "2018.06.28"]
[Round "3.26"]
[White "Ovetchkin, Roman"]
[Black "Vastrukhin, Oleg"]
[Result "1-0"]
[WhiteTitle "GM"]
[WhiteElo "2546"]
[BlackElo "2420"]
[WhiteFideId "4119991"]
[BlackFideId "4192770"]
[EventDate "2018.06.26"]

1. Nf3 g6 2. e4 Bg7 3. d4 c6 4. h3 d5 5. Nc3 Nf6 6. e5 Ne4 7. Bd3 Nxc3 8. bxc3
c5 9. dxc5 Nd7 10. O-O O-O 11. Re1 Nxc5 12. Be3 Qa5 13. Bd4 Bd7 14. Ng5 h6 15.
e6 Nxd3 16. Qxd3 Bb5 17. exf7+ Rxf7 18. Qxg6 hxg5 19. Qxg5 Kf8 20. Re6 Bf6 21.
Rxf6 Rxf6 22. Bxf6 exf6 23. Qxf6+ Kg8 24. Rd1 Qb6 25. Qg5+ Kf8 26. Rxd5 Be8 27.
Qf4+ Bf7 28. Rd7 Qe6 29. Rxb7 Rc8 30. Rxa7 Rc4 31. Ra8+ Kg7 32. Qg5+ Qg6 33. Qe7
Qf6 34. Qf8+ Kg6 35. Rd8 Re4 36. Rd6 Re6 37. Rxe6 Qxe6 38. Qc5 Qxa2 39. Qd6+ Kh7
40. Qf6 Bg6 41. Qh4+ Kg8 42. Qd8+ Kh7 43. Qd7+ Kh8 44. Qd4+ Kh7 45. c4 Qb1+ 46.
Kh2 Qb8+ 47. f4 Qb7 48. c3 Be4 49. Qe5 Qc6 50. c5 Bd5 51. Qe7+ Kg8 52. f5 Bxg2
53. f6 1-0

[Event "71st ch-RUS HL 2018"]
[Site "Yaroslavl RUS"]
[Date "2018.06.29"]
[Round "4.1"]
[White "Inarkiev, Ernesto"]
[Black "Popov, Ivan RUS"]
[Result "1/2-1/2"]
[WhiteTitle "GM"]
[BlackTitle "GM"]
[WhiteElo "2684"]
[BlackElo "2608"]
[WhiteFideId "4162722"]
[BlackFideId "4170350"]
[EventDate "2018.06.26"]

1. d4 d5 2. c4 dxc4 3. e3 Nf6 4. Bxc4 e6 5. Nf3 c5 6. O-O Nc6 7. Nc3 a6 8. a3 b5
9. Ba2 Bb7 10. Qe2 Be7 11. dxc5 Bxc5 12. e4 Nd4 13. Nxd4 Bxd4 14. e5 Nd5 15. Bd2
Nxc3 16. bxc3 Bc5 17. Be3 Qb6 18. Rfe1 Bxe3 19. Qxe3 Qxe3 20. Rxe3 Ke7 21. c4
Rhc8 22. Rb1 Rc5 23. f3 Bc6 24. cxb5 axb5 25. Rb2 Rc1+ 26. Kf2 Ra1 27. Rc3 Be8
28. Rcb3 Bc6 29. Rc3 Be8 30. Rcb3 g5 31. Bb1 R8xa3 32. Bxh7 Rxb3 33. Rxb3 Ra2+
34. Kg3 Re2 35. Be4 f5 36. exf6+ Kxf6 37. Rb4 Re3 38. Rd4 Bg6 39. Bxg6 Kxg6 40.
Rb4 Re5 41. h4 gxh4+ 42. Rxh4 Rh5 43. Rb4 Rc5 44. Kf4 Rc4+ 45. Rxc4 bxc4 46. Ke3
e5 47. Kd2 Kf5 48. Kc3 Kf4 49. Kxc4 Kg3 50. Kd5 Kxg2 51. Kxe5 Kxf3 1/2-1/2

[Event "71st ch-RUS HL 2018"]
[Site "Yaroslavl RUS"]
[Date "2018.06.29"]
[Round "4.2"]
[White "Timofeev, Artyom"]
[Black "Sjugirov, Sanan"]
[Result "1-0"]
[WhiteTitle "GM"]
[BlackTitle "GM"]
[WhiteElo "2583"]
[BlackElo "2663"]
[WhiteFideId "4140419"]
[BlackFideId "4189302"]
[EventDate "2018.06.26"]

1. Nf3 c5 2. c4 Nc6 3. d4 cxd4 4. Nxd4 Nf6 5. Nc3 e6 6. a3 Bc5 7. Nb3 Be7 8. e4
O-O 9. Be2 b6 10. O-O Bb7 11. Be3 d6 12. Nd4 Ne5 13. f4 Ned7 14. Bf3 Qc7 15. Qe2
Rac8 16. Rac1 Qb8 17. g4 Qa8 18. Bf2 g6 19. g5 Ne8 20. h4 Ng7 21. Bg4 Rce8 22.
Rcd1 a6 23. Bg3 f5 24. gxf6 Rxf6 25. Kh2 Qc8 26. Rfe1 Bf8 27. Nf3 h6 28. e5 dxe5
29. Nxe5 Nxe5 30. fxe5 Rf7 31. Nd5 Be7 32. Rf1 Nf5 33. Bxf5 gxf5 34. Rg1 exd5
35. e6 Rf6 36. Be5+ Kh7 37. cxd5 Bxd5 38. Bxf6 Bxf6 39. Rxd5 Rxe6 40. Qd3 Re4
41. Rg3 Qe6 42. Rd6 Qe5 43. Rd7+ Be7 44. Qc3 Rxh4+ 45. Kg1 Re4 46. Qxe5 Rxe5 47.
Kf2 f4 48. Rg1 Kh8 49. Kf3 Bg5 50. Rc1 Re8 51. Kg4 f3 52. Rf1 Rf8 53. Rxf3 h5+
54. Kg3 Rxf3+ 55. Kxf3 Bc1 56. a4 Bxb2 57. Rd6 a5 58. Rxb6 Bc3 59. Rg6 Kh7 60.
Rg3 Kh6 61. Ke4 Bb4 62. Kf5 h4 63. Rg6+ Kh5 64. Rg5+ Kh6 65. Rg8 Kh7 66. Rg4 Be1
67. Rg5 Kh6 68. Kg4 h3 69. Rh5+ Kg6 70. Rxh3 Bb4 71. Rf3 Be1 72. Rf4 Bb4 73. Kh3
Bd6 74. Rf1 Kg5 75. Kg2 Bb4 76. Rf7 Kg6 77. Rf3 Kg5 78. Kf2 Bd2 79. Ke2 Bb4 80.
Kd3 Kg6 81. Ke4 Be1 82. Ke5 Bb4 83. Ke6 Kg7 84. Rf4 Bd2 85. Rf7+ Kg6 86. Rf2 Bb4
87. Rg2+ Kh5 88. Kd5 1-0

[Event "71st ch-RUS HL 2018"]
[Site "Yaroslavl RUS"]
[Date "2018.06.29"]
[Round "4.6"]
[White "Sakaev, Konstantin"]
[Black "Paravyan, David"]
[Result "0-1"]
[WhiteTitle "GM"]
[BlackTitle "GM"]
[WhiteElo "2580"]
[BlackElo "2634"]
[WhiteFideId "4104226"]
[BlackFideId "4194985"]
[EventDate "2018.06.26"]

1. d4 Nf6 2. c4 g6 3. Nc3 d5 4. cxd5 Nxd5 5. e4 Nxc3 6. bxc3 Bg7 7. Qa4+ Nd7 8.
Nf3 O-O 9. Be2 Nb6 10. Qb4 Qd6 11. O-O Qxb4 12. cxb4 Bg4 13. Be3 Rfd8 14. Rfd1
c6 15. Rac1 Rd7 16. b5 Rad8 17. bxc6 bxc6 18. e5 Nd5 19. h3 Nxe3 20. fxe3 Be6
21. Bc4 Bd5 22. Bb3 Rb8 23. Nd2 Bh6 24. Kf2 e6 25. Rc2 Rb5 26. g4 Bf8 27. Ke2
Be7 28. Rdc1 Kg7 29. Ba4 Ra5 30. Bb3 Bb4 31. Nc4 Ra6 32. Nd2 Rb7 33. Bc4 Ra3 34.
Bd3 Rxa2 35. Rxa2 Bxa2 36. Ra1 Bxd2 37. Rxa2 Bb4 38. Be4 Rc7 39. Ra6 c5 40. Bc6
cxd4 41. exd4 Kh6 42. Kf3 Kg5 43. d5 exd5 44. Bxd5 Re7 45. e6 fxe6 46. Rxe6 Rd7
47. Bc4 Kh4 48. Kg2 a5 49. Ra6 Rd2+ 50. Kf3 Rh2 51. Bf1 Rh1 52. Bg2 Ra1 53. Ra7
Ra3+ 54. Ke4 h6 55. Ra6 Kg3 56. Bf1 Rf3 57. Be2 Rf4+ 58. Kd3 g5 59. Bd1 Rf1 60.
Be2 Rf4 61. Bd1 Rf1 62. Be2 Re1 63. Rxh6 a4 64. Ra6 a3 65. Ke3 Bd6 66. Kd2 Bb4+
67. Ke3 Bd6 68. Kd2 Kf2 69. Bc4 Bb4+ 70. Kc2 Re3 71. Bg8 Rxh3 72. Rf6+ Kg3 73.
Kb3 Be7 74. Re6 Kxg4+ 75. Ka2 Rh2+ 76. Kb3 Rh3+ 77. Kc2 Rh2+ 78. Kd3 Rh8 79. Bf7
Rd8+ 80. Ke2 Bf8 81. Re4+ Kf5 82. Ra4 Rb8 83. Kf3 Rb4 84. Ra5+ Kf6 85. Bh5 Bd6
86. Ra6 Ke6 87. Ke3 Rb3+ 88. Ke4 Rb4+ 89. Ke3 Rf4 90. Bd1 Rh4 91. Bb3+ Ke5 92.
Ra5+ Kf6 93. Bd5 g4 94. Ra8 g3 95. Re8 Be7 96. Rg8 Bd6 97. Re8 Be7 98. Kf3 Rd4
99. Bg8 Rd3+ 100. Kg2 Rc3 101. Bd5 Rd3 102. Bc4 Rd4 103. Bg8 Bd6 104. Re2 Be5
105. Rc2 Kg5 106. Kf3 Rd3+ 107. Ke4 Rc3 108. Rd2 Rc5 109. Kf3 Kf6 110. Rd3 Rc2 0-1

[Event "71st ch-RUS HL 2018"]
[Site "Yaroslavl RUS"]
[Date "2018.06.29"]
[Round "4.12"]
[White "Matlakov, Maxim"]
[Black "Vavulin, Maksim"]
[Result "1-0"]
[WhiteTitle "GM"]
[BlackTitle "IM"]
[WhiteElo "2699"]
[BlackElo "2552"]
[WhiteFideId "4168003"]
[BlackFideId "4169530"]
[EventDate "2018.06.26"]

1. d4 Nf6 2. c4 e6 3. Nf3 b6 4. g3 Ba6 5. Qc2 Bb7 6. Bg2 c5 7. O-O cxd4 8. Nxd4
Bxg2 9. Kxg2 Qc7 10. e4 a6 11. Nf3 d6 12. Bf4 Nbd7 13. Qe2 Be7 14. Nc3 Rc8 15.
Rac1 O-O 16. b3 Ne5 17. Nd4 Qb7 18. f3 Rfe8 19. h4 Ng6 20. Bd2 d5 21. e5 Bc5 22.
exf6 Bxd4 23. h5 Nf8 24. fxg7 Bxg7 25. cxd5 exd5 26. Qd3 b5 27. Ne2 d4 28. Nf4
Nd7 29. Rxc8 Rxc8 30. h6 Bxh6 31. Qxd4 Bg7 32. Qe3 Qb6 33. Qxb6 Nxb6 34. Be3 Nd7
35. Rd1 Ne5 36. Nd5 Kf8 37. Rd2 a5 38. Bb6 a4 39. Ne3 Bf6 40. f4 Ng6 41. Rd5
axb3 42. axb3 b4 43. Bc5+ Be7 44. Bd4 f6 45. Rh5 Rd8 46. Nf5 Kg8 47. Nxe7+ Nxe7
48. Bxf6 Rd2+ 49. Kf3 Nd5 50. Be5 Nc3 51. Rg5+ Kf8 52. Kg4 Ne4 53. Rg7 Rd3 54.
Kf5 Nxg3+ 55. Ke6 Ne4 56. Rc7 Rd8 57. Rxh7 Nc5+ 58. Kf6 Ne4+ 59. Kf5 Ng3+ 1-0

[Event "71st ch-RUS HL 2018"]
[Site "Yaroslavl RUS"]
[Date "2018.06.29"]
[Round "4.29"]
[White "Vastrukhin, Oleg"]
[Black "Gogolev, Artem"]
[Result "1/2-1/2"]
[BlackTitle "IM"]
[WhiteElo "2420"]
[BlackElo "2407"]
[WhiteFideId "4192770"]
[BlackFideId "4116615"]
[EventDate "2018.06.26"]

1. g3 g6 2. Bg2 Bg7 3. c4 c5 4. Nc3 Nc6 5. e3 e6 6. Nge2 Nge7 7. O-O O-O 8. d4
cxd4 9. Nxd4 Nxd4 10. exd4 d5 11. cxd5 Nxd5 12. Qb3 Bxd4 13. Nxd5 exd5 14. Bxd5
Qf6 15. h4 Bh3 16. Bg5 Qf5 17. Bg2 Bxg2 18. Kxg2 Qe4+ 19. Qf3 Qxf3+ 20. Kxf3
Rac8 21. Rfd1 Bxb2 22. Rab1 Rc2 23. Rd2 Rxd2 24. Bxd2 Bd4 25. Rxb7 Rc8 26. Be3
Bxe3 27. fxe3 a5 28. Rb5 a4 29. Rb4 Ra8 30. g4 a3 31. Ke2 Kg7 32. Kd3 h5 33.
gxh5 gxh5 34. Rb5 Kg6 35. e4 f6 36. Rb6 Kf7 37. Rb5 Kg6 38. Rb3 Ra4 39. Rb6 Kf7
40. Rb5 Kg6 41. Rb6 1/2-1/2

[Event "71st ch-RUS HL 2018"]
[Site "Yaroslavl RUS"]
[Date "2018.06.30"]
[Round "5.2"]
[White "Rakhmanov, Aleksandr"]
[Black "Inarkiev, Ernesto"]
[Result "1/2-1/2"]
[WhiteTitle "GM"]
[BlackTitle "GM"]
[WhiteElo "2627"]
[BlackElo "2684"]
[WhiteFideId "4173708"]
[BlackFideId "4162722"]
[EventDate "2018.06.26"]

1. Nf3 d5 2. b3 c5 3. e3 a6 4. Bb2 Nc6 5. g3 Nf6 6. Bg2 g6 7. Ne5 Nxe5 8. Bxe5
Bg7 9. Nc3 O-O 10. Bxf6 Bxf6 11. Bxd5 Ra7 12. Bg2 b5 13. Rb1 Bxc3 14. dxc3 Qa5
15. b4 Qa3 16. Rb3 Qxa2 17. bxc5 Be6 18. Rb4 a5 19. Rd4 Qa3 20. c6 Bc4 21. f4 e5
22. fxe5 Qxc3+ 23. Qd2 Qb2 24. Kf2 a4 25. c3 Qxd2+ 26. Rxd2 a3 27. Ra1 a2 28.
Bd5 Bxd5 29. Rxd5 Rc8 30. Rc5 Ra6 31. Rxb5 Rcxc6 32. Rb2 Rxc3 33. Raxa2 Rxa2 34.
Rxa2 Rc5 35. e6 Rf5+ 36. Ke2 fxe6 37. Ra6 Rh5 38. h4 Kf7 39. Ra7+ Kf6 40. Rb7 h6
41. Rh7 Ra5 42. g4 h5 43. Kf3 hxg4+ 44. Kxg4 Ra4+ 1/2-1/2

[Event "71st ch-RUS HL 2018"]
[Site "Yaroslavl RUS"]
[Date "2018.06.30"]
[Round "5.3"]
[White "Popov, Ivan RUS"]
[Black "Motylev, Alexander"]
[Result "1/2-1/2"]
[WhiteTitle "GM"]
[BlackTitle "GM"]
[WhiteElo "2608"]
[BlackElo "2659"]
[WhiteFideId "4170350"]
[BlackFideId "4121830"]
[EventDate "2018.06.26"]

1. e4 e5 2. Nf3 Nc6 3. d4 exd4 4. Nxd4 Nf6 5. Nc3 Bb4 6. Nxc6 bxc6 7. Bd3 d5 8.
exd5 O-O 9. O-O Bg4 10. f3 Bh5 11. Bg5 cxd5 12. Nxd5 Qxd5 13. Bxf6 Qc5+ 14. Kh1
gxf6 15. a3 Ba5 16. b4 Bxb4 17. axb4 Qxb4 18. Ra6 Qc3 19. Qa1 Qxa1 20. Rfxa1 Bg6
21. Rxa7 Rxa7 22. Rxa7 Bxd3 23. cxd3 Rb8 24. g4 Rb3 25. Rxc7 Rxd3 26. Kg2 Kg7
27. Kg3 h6 28. h4 Rd4 29. Rc5 Rb4 30. g5 fxg5 31. hxg5 hxg5 32. Rxg5+ Kf6 33.
Rg4 Rb3 34. Rf4+ Kg6 35. Rg4+ Kf6 36. Ra4 Kg6 37. Kg4 Rb1 38. Ra6+ f6 39. Ra4
Rg1+ 40. Kf4 Rb1 1/2-1/2

[Event "71st ch-RUS HL 2018"]
[Site "Yaroslavl RUS"]
[Date "2018.06.30"]
[Round "5.5"]
[White "Oparin, Grigoriy"]
[Black "Matlakov, Maxim"]
[Result "1/2-1/2"]
[WhiteTitle "GM"]
[BlackTitle "GM"]
[WhiteElo "2587"]
[BlackElo "2699"]
[WhiteFideId "24125890"]
[BlackFideId "4168003"]
[EventDate "2018.06.26"]

1. Nf3 d5 2. c4 e6 3. g3 Nf6 4. Bg2 d4 5. O-O c5 6. e3 Nc6 7. exd4 cxd4 8. d3
Bd6 9. Bg5 h6 10. Bxf6 Qxf6 11. Nbd2 Qe7 12. Rc1 O-O 13. Re1 Rd8 14. Qc2 a5 15.
c5 Bc7 16. a3 a4 17. Nc4 Rd5 18. Nb6 Bxb6 19. cxb6 Rb5 20. Qc4 Rxb2 21. Nxd4
Rxb6 22. Nxc6 bxc6 23. Bxc6 Bb7 24. Bxb7 Rxb7 25. Rc3 Rb2 26. Rec1 Qf6 27. R3c2
Rxc2 28. Qxc2 Ra5 29. Qc3 Qf5 30. Qd4 Rd5 31. Qxa4 Rxd3 32. Qb4 Qf3 33. a4 Ra3
34. h4 Kh7 35. Qd4 f6 36. Re1 e5 37. Qe4+ Qxe4 38. Rxe4 h5 39. Rb4 Kg6 40. Kg2
Kf5 41. Rb7 1/2-1/2

[Event "71st ch-RUS HL 2018"]
[Site "Yaroslavl RUS"]
[Date "2018.06.30"]
[Round "5.6"]
[White "Goganov, Aleksey"]
[Black "Najer, Evgeniy"]
[Result "1/2-1/2"]
[WhiteTitle "GM"]
[BlackTitle "GM"]
[WhiteElo "2576"]
[BlackElo "2668"]
[WhiteFideId "24109959"]
[BlackFideId "4118987"]
[EventDate "2018.06.26"]

1. e4 c5 2. Nf3 d6 3. d4 cxd4 4. Nxd4 Nf6 5. Nc3 a6 6. g3 e5 7. Nde2 Nbd7 8. Bg2
b5 9. Nd5 Nxd5 10. Qxd5 Nb6 11. Qd3 Be7 12. b3 O-O 13. O-O Qc7 14. Be3 Bb7 15.
Rfc1 Bc6 16. Nc3 Rfc8 17. Bh3 Rcb8 18. Nd5 Nxd5 19. exd5 Bd7 20. Bxd7 Qxd7 21.
c4 f5 22. c5 dxc5 23. Bxc5 Bf6 24. Rab1 e4 25. Qd2 Rb7 26. Bb4 Be5 27. Rc6 Re8
28. Rxa6 f4 29. d6 e3 30. Qd5+ Qf7 31. Qxf7+ Rxf7 32. fxe3 fxe3 33. Rf1 Rd7 34.
Kg2 h5 35. Rc6 Re6 36. Re1 Bxd6 37. Rxd6 Rdxd6 38. Bxd6 Rxd6 39. Kf3 Kf7 40.
Rxe3 Kf6 41. Re2 Rd1 42. Ke4 Kg5 43. Ke5 h4 44. Rg2 h3 45. Rf2 g6 46. Ke4 Kh5
47. Ke3 g5 48. Rd2 Rc1 49. Kf3 Rc3+ 50. Kf2 1/2-1/2

[Event "71st ch-RUS HL 2018"]
[Site "Yaroslavl RUS"]
[Date "2018.06.30"]
[Round "5.11"]
[White "Predke, Alexandr"]
[Black "Goryachkina, Aleksandra"]
[Result "1/2-1/2"]
[WhiteTitle "GM"]
[BlackTitle "WGM"]
[WhiteElo "2613"]
[BlackElo "2505"]
[WhiteFideId "24107581"]
[BlackFideId "4147103"]
[EventDate "2018.06.26"]

1. e4 e6 2. d4 d5 3. Nc3 Nf6 4. e5 Nfd7 5. f4 c5 6. Nf3 Nc6 7. Be3 a6 8. Qd2 b5
9. a3 Qa5 10. Be2 b4 11. Nb1 c4 12. c3 b3 13. O-O Nb6 14. Qc1 Bd7 15. Nbd2 Be7
16. Bf2 O-O-O 17. Bh4 h6 18. Bxe7 Nxe7 19. Rf2 Ba4 20. Nf1 Qb5 21. g4 f5 22.
exf6 gxf6 23. Qe3 Qd7 24. Ng3 h5 25. Nxh5 Rxh5 26. gxh5 Nf5 27. Qd2 Qh7 28. Rg2
Be8 29. Re1 Bxh5 30. Bd1 Bf7 31. Qe2 Kb7 32. Nd2 Nh4 33. Rg3 Nf5 34. Rg2 Nh4 35.
Rg3 Nf5 36. Rg2 Nh4 1/2-1/2

[Event "71st ch-RUS HL 2018"]
[Site "Yaroslavl RUS"]
[Date "2018.06.30"]
[Round "5.23"]
[White "Bykov, Oleg"]
[Black "Moskalenko, Alexander"]
[Result "1/2-1/2"]
[BlackTitle "GM"]
[WhiteElo "2375"]
[BlackElo "2558"]
[WhiteFideId "24198978"]
[BlackFideId "4155351"]
[EventDate "2018.06.26"]

1. d4 e6 2. e4 d5 3. Bd3 dxe4 4. Bxe4 Nf6 5. Bf3 c5 6. Ne2 Nc6 7. Be3 cxd4 8.
Nxd4 Ne5 9. Nc3 Bb4 10. Nb5 Nxf3+ 11. Qxf3 O-O 12. O-O a6 13. a3 Be7 14. Rad1
Bd7 15. Nd6 Bc6 16. Qg3 Qb8 17. Bc5 Ne8 18. Nce4 Bxe4 19. Nxe4 Bxc5 20. Nxc5 Nf6
21. Nd7 Qxg3 22. hxg3 Rfd8 23. Nb6 Rab8 24. f3 h5 25. Kf2 Kf8 26. c4 Ke7 27. Ke3
Nd7 28. Nxd7 Rxd7 29. Rxd7+ Kxd7 30. b4 b6 31. Rh1 g6 32. Kd4 f6 33. g4 hxg4 34.
fxg4 Kd6 35. Rh6 e5+ 36. Ke4 Rg8 37. Rh7 Rc8 38. Kd3 Rd8 39. Ra7 Kc6+ 40. Ke3
Rd4 41. c5 a5 42. Rf7 axb4 43. axb4 bxc5 44. Rxf6+ Kd5 45. bxc5 g5 46. c6 Re4+
47. Kd3 Rd4+ 48. Ke3 Re4+ 49. Kd3 Rxg4 50. c7 Rd4+ 51. Ke3 Rc4 52. Rg6 Rxc7 53.
Rxg5 Rc3+ 54. Kd2 Ra3 55. Rg4 e4 56. Rg8 Ke5 57. Ke2 Kf4 58. g3+ Rxg3 59. Rxg3
Kxg3 60. Ke3 Kg4 61. Kxe4 1/2-1/2

[Event "71st ch-RUS HL 2018"]
[Site "Yaroslavl RUS"]
[Date "2018.07.02"]
[Round "6.2"]
[White "Inarkiev, Ernesto"]
[Black "Alekseenko, Kirill"]
[Result "1/2-1/2"]
[WhiteTitle "GM"]
[BlackTitle "GM"]
[WhiteElo "2684"]
[BlackElo "2621"]
[WhiteFideId "4162722"]
[BlackFideId "4135539"]
[EventDate "2018.06.26"]

1. e4 e5 2. Nf3 Nc6 3. Bb5 a6 4. Ba4 Nf6 5. O-O Be7 6. Re1 b5 7. Bb3 d6 8. c3
O-O 9. h3 Nb8 10. d4 Nbd7 11. Nbd2 Bb7 12. Bc2 Re8 13. a4 Bf8 14. Bd3 c6 15. b3
g6 16. Qc2 Nh5 17. Bf1 Nf4 18. g3 Ne6 19. Bb2 Bg7 20. b4 Nb6 21. axb5 axb5 22.
dxe5 Rxa1 23. Rxa1 dxe5 24. c4 Nd4 25. Bxd4 exd4 26. Ra7 Re7 27. cxb5 cxb5 28.
Qc5 Nc8 29. Ra3 Nd6 30. e5 Ne4 31. Nxe4 Bxe4 32. Qxb5 Bxf3 33. Rxf3 Bxe5 34. Bc4
Bc7 35. h4 Kg7 36. h5 Qd6 37. Bb3 Bb6 38. Kg2 f5 39. Qc4 Qd8 40. Rf4 Rc7 41. Qe6
Re7 42. Qc6 Re8 43. Kh3 Bc7 44. h6+ Kxh6 45. Rxf5 Re7 46. Qf6 Re1 47. Qc6 Qd6
48. Rf6 Qxc6 49. Rxc6 Bb8 50. Rc8 Rb1 51. Rxb8 Rxb3 52. Kg4 d3 53. Kf3 Rb2 54.
b5 d2 55. Ke2 d1=Q+ 56. Kxd1 Rxf2 57. Rd8 Kg5 58. Rd2 Rf1+ 59. Kc2 Rf5 60. b6
Rc5+ 61. Kb1 Rc8 62. Rd4 Kf5 63. Rb4 Ke5 64. b7 Rb8 65. Kc2 Kd5 66. Kd3 Kc6 67.
Ke4 Rxb7 68. Rxb7 Kxb7 69. Kf4 Kc6 70. Kg5 Kd5 71. Kh6 Ke4 72. Kxh7 Kf3 73. Kxg6
Kxg3 1/2-1/2

[Event "71st ch-RUS HL 2018"]
[Site "Yaroslavl RUS"]
[Date "2018.07.02"]
[Round "6.6"]
[White "Ponkratov, Pavel"]
[Black "Oparin, Grigoriy"]
[Result "0-1"]
[WhiteTitle "GM"]
[BlackTitle "GM"]
[WhiteElo "2622"]
[BlackElo "2587"]
[WhiteFideId "4157800"]
[BlackFideId "24125890"]
[EventDate "2018.06.26"]

1. e4 e5 2. d4 exd4 3. Qxd4 Nc6 4. Qe3 Nf6 5. Bd2 Be7 6. c4 d6 7. f3 Be6 8. Nc3
Ne5 9. b3 c6 10. Nge2 O-O 11. Nf4 Bd7 12. Be2 Re8 13. g4 d5 14. cxd5 cxd5 15.
Nfxd5 Nxd5 16. Nxd5 Bh4+ 17. Kf1 f5 18. gxf5 Bxf5 19. Kg2 Be6 20. Rad1 Bxd5 21.
Bc1 Re6 22. Rxd5 Rg6+ 23. Kf1 Qc8 24. f4 Ng4 25. Bxg4 Rxg4 26. Rg1 Rxg1+ 27.
Kxg1 Qg4+ 28. Kf1 Rc8 29. Bd2 Rc2 30. Qd3 Qd1+ 31. Kg2 Qg4+ 32. Kf1 Rxa2 33. Qc3
Ra1+ 0-1

[Event "71st ch-RUS HL 2018"]
[Site "Yaroslavl RUS"]
[Date "2018.07.02"]
[Round "6.7"]
[White "Matlakov, Maxim"]
[Black "Lobanov, Sergei"]
[Result "1/2-1/2"]
[WhiteTitle "GM"]
[BlackTitle "IM"]
[WhiteElo "2699"]
[BlackElo "2521"]
[WhiteFideId "4168003"]
[BlackFideId "24183750"]
[EventDate "2018.06.26"]

1. e4 c6 2. d4 d5 3. e5 Bf5 4. h4 h6 5. g4 Bd7 6. Nc3 e6 7. Be3 Qb6 8. Na4 Qa5+
9. c3 Qc7 10. f4 b6 11. h5 c5 12. Nf3 c4 13. b4 a5 14. b5 Ne7 15. Rb1 Nc8 16.
Bh3 Na7 17. f5 Be7 18. O-O Kd8 19. g5 exf5 20. gxh6 gxh6 21. Nh2 Rg8+ 22. Kh1
Rg3 23. Bxf5 Rxe3 24. Bxd7 Nxd7 25. Qg4 Bg5 26. Qg2 Ke7 27. Qxd5 Rf8 28. Rf5
Nxe5 29. dxe5 Qd7 30. Qxd7+ Kxd7 31. Nf3 Bd8 32. Nd4 Bc7 33. e6+ Ke7 34. Rbf1 f6
35. Rd5 Rh3+ 36. Kg2 Rh2+ 37. Kf3 Rd8 38. Rxd8 Bxd8 39. Rg1 Kf8 40. Rd1 Rxh5 41.
Nc6 Nxc6 42. bxc6 Ke8 43. Rd7 b5 44. e7 Rf5+ 45. Kg4 Rg5+ 46. Kf3 Rf5+ 47. Kg4
Rg5+ 48. Kf3 Rf5+ 1/2-1/2

[Event "71st ch-RUS HL 2018"]
[Site "Yaroslavl RUS"]
[Date "2018.07.02"]
[Round "6.10"]
[White "Gaifullin, Artur"]
[Black "Khismatullin, Denis"]
[Result "0-1"]
[WhiteTitle "FM"]
[BlackTitle "GM"]
[WhiteElo "2448"]
[BlackElo "2627"]
[WhiteFideId "24168653"]
[BlackFideId "4142578"]
[EventDate "2018.06.26"]

1. e4 c5 2. Nf3 a6 3. d4 cxd4 4. Nxd4 Nf6 5. Bd3 e5 6. Nb3 d5 7. exd5 Qxd5 8.
O-O Be6 9. Nc3 Qc6 10. Qe2 Nbd7 11. f4 Bd6 12. Kh1 O-O 13. f5 Bd5 14. Nxd5 Qxd5
15. c4 Qc6 16. Be3 e4 17. Bc2 Rac8 18. Nd2 Rfe8 19. Rac1 h6 20. Bb1 Bc5 21. Bf4
e3 22. Nb3 Bd6 23. Rc3 Bxf4 24. Rxf4 Qc7 25. g3 Nb6 26. Nd4 Nxc4 27. b3 b5 28.
bxc4 Nd5 29. cxd5 Qxc3 30. Nc6 Qd2 31. Bd3 Rc7 32. f6 g6 33. Rd4 Rd7 34. Ne7+
Kf8 35. Bxb5 Qxd4 36. Bxd7 Rb8 37. Qc2 Qa1+ 38. Kg2 Rb2 0-1

[Event "71st ch-RUS HL 2018"]
[Site "Yaroslavl RUS"]
[Date "2018.07.02"]
[Round "6.12"]
[White "Pridorozhni, Aleksei"]
[Black "Predke, Alexandr"]
[Result "1/2-1/2"]
[WhiteTitle "GM"]
[BlackTitle "GM"]
[WhiteElo "2589"]
[BlackElo "2613"]
[WhiteFideId "4127870"]
[BlackFideId "24107581"]
[EventDate "2018.06.26"]

1. e4 e5 2. Nc3 Nc6 3. g3 Bc5 4. Bg2 a6 5. d3 d6 6. Nf3 Nge7 7. Be3 Bg4 8. h3
Bxf3 9. Bxf3 O-O 10. Bg2 Nd4 11. Ne2 Nxe2 12. Qxe2 Bxe3 13. fxe3 f5 14. O-O c6
15. Kh2 Qb6 16. c3 g6 17. h4 Kg7 18. exf5 Nxf5 19. Rf3 Nh6 20. Raf1 Ng4+ 21. Kh1
h5 22. Bh3 Nf6 23. e4 Nh7 24. Qd2 Qc7 25. Kg2 Rxf3 26. Rxf3 Rf8 27. Rxf8 Nxf8
28. Qe3 Nh7 29. g4 hxg4 30. Bxg4 Nf6 31. Bf3 Qf7 32. b3 Qf8 33. Qg5 Kf7 34. Qe3
Kg7 35. Qb6 Qc8 36. Qe3 Kf7 37. Kg3 Qc7 38. Qg5 Qb6 39. Kg2 Qa5 40. Qd2 c5 1/2-1/2

[Event "71st ch-RUS HL 2018"]
[Site "Yaroslavl RUS"]
[Date "2018.07.02"]
[Round "6.13"]
[White "Potkin, Vladimir"]
[Black "Shaposhnikov, Evgeny"]
[Result "1/2-1/2"]
[WhiteTitle "GM"]
[BlackTitle "GM"]
[WhiteElo "2592"]
[BlackElo "2572"]
[WhiteFideId "4131061"]
[BlackFideId "4122232"]
[EventDate "2018.06.26"]

1. c4 c5 2. Nf3 Nc6 3. d4 cxd4 4. Nxd4 g6 5. e4 Bg7 6. Be3 Nf6 7. Nc3 d6 8. Be2
O-O 9. O-O Nxd4 10. Bxd4 Bd7 11. Qd2 a5 12. b3 Bc6 13. f3 Nd7 14. Be3 Nc5 15.
Rab1 e6 16. Rf2 Qe7 17. Bf1 f5 18. exf5 Rxf5 19. Ne2 Be5 20. Ng3 Rf7 21. Rd1 d5
22. cxd5 Bxd5 23. Qc1 b6 24. Bc4 Rc8 25. Rxd5 Nxb3 26. Qe1 exd5 27. Bxb3 Bxg3
28. hxg3 Re8 29. Re2 d4 30. Ba4 Rff8 31. Bb3+ Rf7 32. Ba4 Rff8 33. Bb3+ Rf7 34.
Kf2 dxe3+ 35. Rxe3 Qc5 36. Qc3 Rxe3 37. Qxe3 h5 38. Ke2 Qxe3+ 39. Kxe3 Kf8 40.
Bxf7 Kxf7 41. Kd4 Ke6 42. Kc4 Kd6 43. Kb5 Kc7 44. Kc4 Kc6 45. a4 Kd7 46. Kd3 Kc7
47. Kc3 Kb7 48. Kb3 Kc6 1/2-1/2